000 00363pab a2200145 454500
008 180718b1987 xxu||||| |||| 00| 0 eng d
100 _aWeiner, Myron
245 _aEmpirical democratic theory and the transition from qauthoritaianism to democracy
260 _c1987
300 _a861-6
362 _aFall
650 _aDemocracy
773 _aPS
909 _a7197
999 _c7197
_d7197